000 01131nam a2200193 4500
008 s1994 fr fre u
020 _a2010206118
020 _a9782010206115
040 _aLB-BrCRDP
082 1 _a372.62
_bBar
100 1 _aMarie-José, Barbot
245 1 0 _aOral écrit DELF unité A2
_bLivret d'activités avec cassette
_cMarie-José Barbot , Rémy Villard
260 _aParis
_bHachette livre
_c1994
300 _a96 pages
_bcouv. coul., ill. noir et blanc., tableaux
520 _aPour chaque épreuve écrite et orale, il propose : .Une analyse de la situation d'examen qui donne des techniques et des stratégies pour réussir. . Une préparation d'un sujet type qui aide à produire et à évaluer sa production. . Un entraînement systématique qui développe des stratégies de langue et de communication. . Des sujets libres. Toutes les épreuves offrent des propositions de corrigés et des barèmes de notation. Une cassette de 40 minutes permet un entraînement efficace aux épreuves orales.
700 1 _aRémy, Villard
942 _cBK
999 _c8639
_d8639